| 000 | 01330nam a2200337 i 4500 | ||
|---|---|---|---|
| 003 | DO-SdBNP | ||
| 005 | 20250307073711.0 | ||
| 007 | ta | ||
| 008 | 240613b1963 dr ||||| |||| 00| 0 spa d | ||
| 040 |
_aDO-SdBNP _bspa _cBNPHU _erda |
||
| 082 | 4 |
_a972 _bS246f 1963 _222 |
|
| 100 | 1 |
_aSarmiento, Domingo Faustino, _d1811-1888 _915530 _eautor |
|
| 245 | 1 | 0 |
_aFacundo / _cDomingo Faustino Sarmiento ; introducción, Pedro Henríquez Ureña. |
| 250 | _asexta edición | ||
| 264 |
_aBuenos Aires, Argentina : _bLosada, _c©1963. |
||
| 300 |
_a260 páginas ; _c18 cm. |
||
| 336 |
_2rdacontent _atexto _btxt |
||
| 337 |
_2rdamedia _asin mediación _bn |
||
| 338 |
_2rdacarrier _avolumen _bnc |
||
| 490 | 0 | _aBiblioteca de Clásicos Contemporánea | |
| 500 | _aIncluye referencias bibliográficas y notas al pie de las páginas | ||
| 500 | _aIncluye datos biográficos del autor en la solapa de la contracubierta. | ||
| 590 | _aInventariado, 2024/BT | ||
| 600 | 1 | 4 |
_aQuiroga, Juan Facundo, _d1790-1835. _915531 |
| 600 | 1 | 4 |
_a Rosas, Juan Manuel de, _d1793-1877. _985655 |
| 651 | 4 |
_a Argentina _xHistoria _y1817-1860. _915532 |
|
| 651 | 4 |
_a Argentina _xDescripción y viajes _915533 |
|
| 700 | 1 |
_aHenríquez Ureña, Pedro, _d1884-1946 _eintroducción _91718 |
|
| 910 | _aBtavárez/Validado. Control de calidad MFF | ||
| 942 |
_2ddc _cLBS1 |
||
| 999 |
_c56839 _d56839 |
||